1558 1317 1591 1123 1732 1110 1281 1653 1097 1629 1321 1895 1354 1030 1269 1552 1277 1177 1876 1690 1110 1251 1131 1392 1941 1675 1551 1783 1318 1526 1770 1414 1948 1916 1892 1429 1406 1393 1585 1765 1806 1787 1008 1262 1383 1914 1867 1200 1918 1637 1722 1811 1747 1664 1989 1858 1869 1152 1214 1204 1203 1750 1445 1884 1065 1171 1586 1915 1186 1665 1008 1971 1167 1755 1537 1980 1077 1809 1681 1885 1212 1534 1038 1131 1027 1399 1319 1913 1492 1869 1628 1769 1579 1227 1270 1005 1168 1280 1988 BCNSPRNW ULIB Ver.6.0+V

เปลี่ยนเป็นภาษาไทย

Change to English
 แสดงรายละเอียดบรรณานุกรม
  กลับหน้าหลัก

Brief Record : Get Marc (ISO 2709) : E-mail record : QR code < ปิดหน้าต่าง
LEADER : 00000nam 2200000uu 4500
001    13399112666
003     ULIB
008    110830s2552||||th 000 0 tha d
020    9789742296919
050  4 K1401^bป471ท 2551
100 0  ปรีดา ยังสุขสถาพร
245 10 ทรัพย์สินทางปัญญาน่ารู้และวิธีการประเมินมูลค่า /^cโดย ปรีดา ยังสุขสถาพร
260    กรุงเทพฯ :^bสำนักงานนวัตกรรมแห่งชาติ,^c2552
300    147 หน้า
650  7 ทรัพย์สินทางปัญญา
650  7 นวัตกรรม
650  7 ลิขสิทธิ์
650  7 สิทธิบัตร
945    ^p180^l0^i023894
945    ^p180^l0^i023895
995    ทศพร
999 ^a ทศพร
รายการนี้ยังไม่มีแท็ก
คุณยังไม่ได้ล็อกอิน คุณสามารถมีกิจกรรมร่วมกับเว็บไซต์ได้ แต่ต้องล็อกอินก่อน ::
  ล็อกอิน

รายการสื่อสารสนเทศ

ลำดับที่ ประเภท เลขเรียก/บาร์โค้ด สถานที่ สถานะ
- ไม่พบข้อมูล -

รายการใกล้เคียง
    ผู้แต่ง [ปรีดา ยังสุขสถาพร]

    หัวเรื่อง [นวัตกรรม]

BibComment


ยังไม่เคยถูกคอมเมนท์

คอมเมนท์ทรัพยากรรายการนี้
  คอมเมนท์: ทรัพย์สินทางปัญญา..


 Copyright 2026. Bcnsprnw @Library